| 000 | 00377nam a22001457a 4500 | ||
|---|---|---|---|
| 003 | MACL | ||
| 005 | 20170829130050.0 | ||
| 008 | 170829b xxu||||| |||| 00| 0 eng d | ||
| 040 | _cMACL | ||
| 100 |
_aLaha, Kalicharan _968907 |
||
| 245 | _aBorn Leader: Swami Vivekananda | ||
| 260 |
_aDelhi _bDiscovery Book Centre _c2016 |
||
| 650 |
_aChildren Book _968908 |
||
| 942 |
_2ddc _cBK |
||
| 999 |
_c56939 _d56939 |
||